| 000 | 00820nam a22002297a 4500 | ||
|---|---|---|---|
| 999 |
_c16181 _d16181 |
||
| 003 | AR-CdUCM | ||
| 008 | 190502b ||||| |||| 00| 0 spa d | ||
| 040 |
_aMUNICIPALIDAD PROVINCIAL DEL CUSCO _cBIBLIOTECA MUNICIPAL DEL CUSCO |
||
| 041 | _hfr | ||
| 082 |
_a901 / _bR41 |
||
| 100 |
_aRenouvier, Charles _935471 |
||
| 245 |
_aUcronía : _bla utopía en la historia; bosquejo histórico apócrifo del desenvolvimiento de la civilización europea, no tal como ha sido, sino tal como habría podido ser / |
||
| 260 |
_aBuenos Aires : _bEdit. Losada, _c1945. |
||
| 300 |
_a375 páginas ; _c20 cm. |
||
| 440 |
_aBiblioteca filosófica _915046 |
||
| 505 | _aContenido: Filosofía. | ||
| 650 |
_aFilosofía _9395 |
||
| 650 |
_aHistoria _9136 |
||
| 650 |
_aEuropa _91221 |
||
| 942 |
_2ddc _cLIBROS |
||
| 945 |
_adavv _d02/05/2019 |
||